000 01130nam a2200301 i 4500
005 20220316235736.0
007 ta
008 200417s1998 sp gr 000 j spa d
020 _a8478841903
040 _aCO-BoRNBP
_bspa
_erda
_cCO-BoRNBP
041 0 _aspa
043 _as-ck---
084 _aC CUE33
245 0 0 _aCuentos japoneses
_cRuynosuke Agutawa
250 _aPrimera edición
264 1 _aMadrid
_bPopular
_c[1998]
300 _a109 páginas
_c19 cm
336 _atexto
_btxt
_2rdacontent
337 _asin mediación
_bn
_2rdamedia
338 _avolumen
_bnc
_2rdacarrier
490 0 _aLetra grande
_v48
505 1 _aEl viejo que hacía florecer los árboles -- Anónimo ; Rashomon -- Ruynosuke Agutagawa -- La nariz ; Ruynosuke Agutagawa -- Terror ; Yunichiro Tanizaki -- La perla ; Yukio Mishima -- El periodico ; Yuklio Mushina -- El antiguo secreto ; Shin-Ichi Hoshi -- La escena de la muerte / Shin-Ichi Hoschi
650 1 7 _aCuentos japoneses
_2ARMARC
650 1 7 _aLiteratura japonesa
_2ARMARC
650 1 7 _aMuerte
_vCuento
_2ARMARC
700 1 _aRuynosuke, Agutawa
_d1892-1927
_916608
942 _2loc
_cBKLIT
999 _c2013
_d2013